| 000 | 00987cam a2200289 a 4500 | ||
|---|---|---|---|
| 001 | 3262331 | ||
| 005 | 20170105102355.0 | ||
| 008 | 820925s1981 enka b 001 0 eng | ||
| 010 | _a 81066366 | ||
| 020 | _a0122839528 (pbk.) | ||
| 040 |
_aDLC _cDLC _dDLC |
||
| 050 | 0 | 0 |
_aQA402.5 _b.G54 1981 |
| 082 | 0 | 0 |
_a515 _219 |
| 100 | 1 | _aGill, Philip E. | |
| 245 | 1 | 0 |
_aPractical optimization _cPhilip E. Gill, Walter Murray, Margaret H. Wright. |
| 260 |
_aLondon ; _aNew York : _bAcademic Press, _c1981. |
||
| 300 |
_axvi, 401 p. : _bill. ; _c25 cm. |
||
| 500 | _aIncludes index. | ||
| 504 | _aBibliography: p. 363-387. | ||
| 650 | 0 | _aMathematical optimization. | |
| 700 | 1 | _aMurray, Walter. | |
| 700 | 1 | _aWright, Margaret H. | |
| 856 | 4 | 2 |
_3Publisher description _uhttp://www.loc.gov/catdir/description/els033/81066366.html |
| 856 | 4 | 1 |
_3Table of contents _uhttp://www.loc.gov/catdir/toc/els031/81066366.html |
| 906 |
_a7 _bcbc _corignew _d2 _eopcn _f19 _gy-gencatlg |
||
| 942 |
_2ddc _cBK |
||
| 999 |
_c12101 _d12101 |
||